| 000 | 01276nam a22003254a 4500 | ||
|---|---|---|---|
| 001 | ebr10206415 | ||
| 003 | CaPaEBR | ||
| 006 | m u | ||
| 007 | cr cn||||||||| | ||
| 008 | 020204s2002 caua sb 001 0 eng | ||
| 020 | _z0125181213 (pbk. : alk. paper) | ||
| 040 |
_aCaPaEBR _cCaPaEBR |
||
| 035 | _a(OCoLC)266956608 | ||
| 050 | 1 | 4 |
_aQH510 _b.N5 2002eb |
| 082 | 0 | 4 |
_a572/.43 _221 |
| 100 | 1 | _aNicholls, David G. | |
| 245 | 1 | 0 |
_aBioenergetics 3 _h[electronic resource] / _cDavid G. Nicholls, Stuart J. Ferguson. |
| 246 | 3 | _aBioenergetics three | |
| 250 | _a[3rd ed.]. | ||
| 260 |
_aSan Diego, Calif. : _bAcademic Press, _cc2002. |
||
| 300 |
_axviii, 297 p. : _bill. (some col.). |
||
| 504 | _aIncludes bibliographical references (p. [271]-281) and index. | ||
| 533 |
_aElectronic reproduction. _bPalo Alto, Calif. : _cebrary, _d2013. _nAvailable via World Wide Web. _nAccess may be limited to ebrary affiliated libraries. |
||
| 650 | 0 | _aBioenergetics. | |
| 650 | 0 | _aBiological transport, Active. | |
| 655 | 7 |
_aElectronic books. _2local |
|
| 700 | 1 |
_aFerguson, S. J. _q(Stuart John), _d1949- |
|
| 710 | 2 | _aebrary, Inc. | |
| 856 | 4 | 0 |
_uhttp://site.ebrary.com/lib/rucke/Doc?id=10206415 _zAn electronic book accessible through the World Wide Web; click to view |
| 999 |
_c121984 _d121984 |
||